プロ野球スピリッツA【プロスピA】 「ナチュラルシュート」を所持する投手名 - Statistics

General Stats
  • This quiz has been taken 66 times
    21 since last reset
  • The average score is 12 of 38
Answer Stats
球団名 選手名 % Correct
巨人 大勢
77%
DeNA 松本凌人
77%
ソフトバンク 松本裕樹
77%
西武 今井達也
77%
巨人 斎藤雅樹
46%
広島 斉藤優汰
46%
ソフトバンク 津森宥紀
46%
ソフトバンク 又吉克樹
38%
ソフトバンク 石川柊太
38%
ロッテ 石川柊太
38%
ロッテ 横山陸人
38%
西武 T.ウィンゲンター
38%
広島 塹江敦哉
31%
西武 佐藤隼輔
31%
西武 平井克典
31%
西武 水上由伸
31%
巨人 T.ビーディ
31%
阪神 西勇輝
23%
阪神 青柳晃洋
23%
DeNA 石田裕太郎
23%
広島 河野佳
23%
中日 伊藤茉央
23%
ソフトバンク 村田賢一
23%
楽天 伊藤茉央
23%
オリックス 西勇輝
23%
オリックス 比嘉幹貴
23%
DeNA M.クルーン
23%
ヤクルト 小澤怜史
15%
ソフトバンク 大山凌
15%
ソフトバンク 皆川睦男
15%
ソフトバンク 長谷川威展
15%
日本ハム 宮内春輝
15%
ロッテ 東條大樹
15%
楽天 柴田大地
15%
オリックス 髙島泰都
15%
ロッテ L.カスティーヨ
15%
オリックス L.カスティーヨ
15%
中日 Y.マルテ
15%
No matching quizzes found
Score Distribution
Percent of People with Each Score
Percentile by Number Answered
Your Score History
You have not taken this quiz since the last reset